LEADER 01094nam0-2200337---450- 001 990008667770403321 005 20081030114259.0 010 $a978-1-84720-115-7 035 $a000866777 035 $aFED01000866777 035 $a(Aleph)000866777FED01 035 $a000866777 100 $a20080603d2008----km-y0itay50------ba 101 0 $aeng 102 $aGB 105 $ay---ac--001yy 200 1 $aTaxes and the economy$ea survey of the impact of taxes on growth, employment, investment, consumption and the environment$fWillem Vermeend, Rick van der Ploeg and Jan Willem Timmer 210 $aCheltenham$aNorthampton$cEdward Elgar$dc2008 215 $aVIII, 504 p.$d24 cm 320 $aBibliografia: p. 452-478 610 0 $aImposte 700 1$aVermeend,$bWillem A.$0503440 701 1$aPloeg,$bFrederick van der$f<1956- >$0122184 701 1$aTimmer,$bJan Willem$0308766 801 0$aIT$bUNINA$gRICA$2UNIMARC 901 $aBK 912 $a990008667770403321 952 $aH3.166$b857/DE$fDECTS 959 $aDECTS 996 $aTaxes and the economy$9717619 997 $aUNINA LEADER 03503nam 22006254a 450 001 9910453691903321 005 20200520144314.0 010 $a1-280-84510-4 010 $a0-19-803961-1 035 $a(CKB)1000000000553868 035 $a(EBL)415182 035 $a(OCoLC)476240702 035 $a(SSID)ssj0000292214 035 $a(PQKBManifestationID)11237008 035 $a(PQKBTitleCode)TC0000292214 035 $a(PQKBWorkID)10255425 035 $a(PQKB)11493423 035 $a(MiAaPQ)EBC415182 035 $a(Au-PeEL)EBL415182 035 $a(CaPaEBR)ebr10271449 035 $a(CaONFJC)MIL84510 035 $a(EXLCZ)991000000000553868 100 $a20060302d2007 uy 0 101 0 $aeng 135 $aur|n|---||||| 181 $ctxt 182 $cc 183 $acr 200 10$aCompetency in generalist practice$b[electronic resource] $ea guide to theory and evidence-based decision making /$fElizabeth Moore Plionis 205 $a1st ed. 210 $aOxford ;$aNew York $cOxford University Press$d2007 215 $a1 online resource (382 p.) 300 $aDescription based upon print version of record. 311 $a0-19-517799-1 320 $aIncludes bibliographical references (p. 327-348) and index. 327 $aIntroduction to the decision tree and the text -- Social work and the law : fiduciary responsibilities -- The policy, program, and administrative context of direct practice --Communication skills for direct practice -- Communication skills for policy, advocacy, management, and community practice -- Relationship in clinical practice : the art of healing -- Relationship in policy, advocacy, management, and community practice : the art of leadership --Clinical crisis intervention -- Crisis management -- Social work case management : serving highly vulnerable client populations --Case and class advocacy --Social work with individuals -- Case specific model building : case presentation -- Clinical social work with families : family therapy -- Welfare policies and programs for families and children -- Use of groups in clinical practice -- Use of groups in policy, advocacy, management and community practice -- Theory, research and predictions about the future of social work practice. 330 $a1. Introduction and Presentation of the Decision Tree. 2. Social Work and the Law: Fiduciary Responsibilities. 3. The Policy Context of Social Work Practice. 4. Communication Skills for Clinical Practice: Interviewing. 5. Communication Skills for Policy, Advocacy, Management, and Community Practice. 6. Relationship in Clinical Practice- The Art of Healing. 7. Relationship in Non-Clinical Practice The Art of Leadership. 8. Clinical Crisis Intervention: Basic, Advanced and Domain-Specific. 9. Crisis Management-Disasters and Public Tragedies. 10. Case Management: Serving Highly Vulnerable Client 606 $aSocial service$xDecision making 606 $aEvidence-based social work 606 $aCore competencies 606 $aSocial work education 608 $aElectronic books. 615 0$aSocial service$xDecision making. 615 0$aEvidence-based social work. 615 0$aCore competencies. 615 0$aSocial work education. 676 $a361.3 700 $aPlionis$b Elizabeth Moore$0973229 801 0$bMiAaPQ 801 1$bMiAaPQ 801 2$bMiAaPQ 906 $aBOOK 912 $a9910453691903321 996 $aCompetency in generalist practice$92214202 997 $aUNINA LEADER 07116oam 2200685I 450 001 9910791885503321 005 20230725020046.0 010 $a0-429-13067-8 010 $a1-4665-4746-4 010 $a1-4398-0988-7 024 7 $a10.1201/b10453 035 $a(CKB)2560000000058329 035 $a(EBL)665575 035 $a(OCoLC)706713292 035 $a(SSID)ssj0000474215 035 $a(PQKBManifestationID)11913285 035 $a(PQKBTitleCode)TC0000474215 035 $a(PQKBWorkID)10448679 035 $a(PQKB)11514194 035 $a(MiAaPQ)EBC665575 035 $a(Au-PeEL)EBL665575 035 $a(CaPaEBR)ebr10444365 035 $a(CaONFJC)MIL692864 035 $a(EXLCZ)992560000000058329 100 $a20180331d2010 uy 0 101 0 $aeng 135 $aur|n|---||||| 181 $ctxt 182 $cc 183 $acr 200 00$aVermiculture technology $eearthworms, organic wastes, and environmental management /$f[edited by] Clive A. Edwards, Norman Q. Arancon, Rhonda L. Sherman 210 1$aBoca Raton, Fla. :$cCRC Press,$d2010. 215 $a1 online resource (602 p.) 300 $aDescription based upon print version of record. 311 $a1-322-61582-9 311 $a1-4398-0987-9 320 $aIncludes bibliographical references. 327 $aFront Cover; Contents; Preface; Acknowledgments; Editors; Contributors; Chapter 1: Introduction, History, and Potential of Vermicomposting Technology; Chapter 2: Relationships between Composting and Vermicomposting; Chapter 3: Biology and Ecology of Earthworm Species Used for Vermicomposting; Chapter 4: Discovery and Development of New Species for Vermiculture; Chapter 5: The Microbiology of Vermicomposting; Chapter 6: Small-Scale School and Domestic Vermicomposting Systems; Chapter 7: Low-Technology Vermicomposting Systems; Chapter 8: Medium- and High-Technology Vermicomposting Systems 327 $aChapter 9: The Potential of Vermicomposts as Plant Growth Media for Greenhouse Crop ProductionChapter 10: The Use of Vermicomposts as Soil Amendments for Production of Field Crops; Chapter 11: The Production of Vermicompost Aqueous Solutions or Teas; Chapter 12: The Suppression of Plant Pathogens by Vermicomposts; Chapter 13: Use of Aqueous Extracts from Vermicomposts or Teas in Suppression of Plant Pathogens; Chapter 14: Suppression of Arthropod Pests and Plant Parasitic Nematodes by Vermicomposts and Aqueous Extracts from Vermicompos 327 $aChapter 15: The Use and Effects of Aqueous Extracts from Vermicomposts or Teas on Plant Growth and YieldsChapter 16: Human Pathogen Reduction during Vermicomposting; Chapter 17: Heavy Metals, Earthworms, and Vermicomposts; Chapter 18: Quality Criteria for Vermicomposts; Chapter 19: The Commercial Potential and Economics of Vermicomposting; Chapter 20: The Production of Earthworm Protein for Animal Feed from Organic Wastes; Chapter 21: The Use of Vermiculture for Land Improvement; Chapter 22: The Potential of Earthworms Produced from Organic Wastes in Production of Pharmaceuticals 327 $aChapter 23: The Status of Vermicomposting in North America: A Rapidly Developing TechnologyChapter 24: Vermicomposting for Businesses and Institutions; Chapter 25: New Developments and Insights on Vermicomposting in Spain; Chapter 26: Vermiculture and Vermicomposting in the United Kingdom; Chapter 27: Vermiculture in Australia and New Zealand: From Earthworm Production to Commercial Vermicomposting; Chapter 28: Origins and Spread of Vermicomposting in India: Focus on Sustainable Agriculture; Chapter 29: Vermiculture in the Philippines; Chapter 30: The Status of Vermicomposting in Indonesia 327 $aChapter 31: Vermicomposting Projects in Hong KongChapter 32: Vermicomposting Research and Activities in Mexico; Chapter 33: The Scope of Vermiculture in Cuba; Chapter 34: Commercial Applications of Vermiculture in China; Chapter 35: Progress in Vermicomposting in Belarus, Russia, and Ukraine; Back Cover 330 $aCo-edited by international earthworm expert Clive A. Edwards, Vermiculture Technology: Earthworms, Organic Wastes, and Environmental Management is the first international, comprehensive, and definitive work on how earthworms and microorganisms interact to break down organic wastes on a commercial basis. Many books cover the importance of composting for reducing the amount of organic wastes in landfills. This reference focuses on innovative vermiculture technology that turns organic waste into a value-added environmentally friendly products that can improve soil fertility and productivity on a large scale.

Chronicles more than two decades of growth and changes in earthworm composting technology

Based on the work of an outstanding international cast of scientists, the book explores the dramatic growth and changes in vermiculture technology since 1988 and assesses advances made in government-funded projects in the United States and United Kingdom. The contributors discuss outdoor and indoor windrows, container systems, wedge systems, and low labor-requirement, fully-automated continuous flow vermicomposting reactor systems that can process more than 1000 tons of organic wastes per reactor per annum. They also highlight the science and biology behind the use and efficacy of vermicomposting, examine its importance to developing countries, and detail the technology of the past, present, and future.Although the development of a range of vermicomposting technologies has been rapid and the spread of vermicomposting dramatic, the scientific literature remains scattered throughout a range of journals, newsletters, and online resources. As a compilation of information designed specifically to have an extended shelf life, this volume chronicles how vermiculture can be brought into full commercial and industrial development and find application in integrated waste management systems--$cProvided by publisher. 330 $aExploring the dramatic growth and changes in the field of vermicomposting since 1988, this comprehensive review assesses the advancements made in government-funded projects in the U.S. and UK. It discusses outdoor or indoor windows, container systems, wedge systems, and low labor-requirement, fully-automated continuous flow vermicomposting reactor systems that can process more than 1000 tons of organic wastes per reactor. It also highlights the science and biology behind the use and efficacy of vermicomposting and details the technology of the past, present, and future--$cProvided by publisher. 606 $aEarthworm culture 606 $aEarthworms 615 0$aEarthworm culture. 615 0$aEarthworms. 676 $a631.8/75 686 $aNAT010000$aTEC003000$2bisacsh 701 $aEdwards$b C. A$g(Clive Arthur),$f1925-$018930 701 $aArancon$b Norman Q$01486983 701 $aSherman$b Rhonda L$01486984 801 0$bMiAaPQ 801 1$bMiAaPQ 801 2$bMiAaPQ 906 $aBOOK 912 $a9910791885503321 996 $aVermiculture technology$93706667 997 $aUNINA